000 00343nam a22001457a 4500
003 SGT
020 _a978-93-5152-654-4
082 _a611
_bH15C
100 _aCHAUHAN, SANGITA
245 _aHISTOLOGY: A TEXT AND PRACTICAL RECORD BOOK
260 _aNEW DELHI
_bHEALTH SCIENCE
_c2015
300 _a226
650 _aANATOMY
942 _2ddc
_cBK
_02
999 _c10071
_d10071